000 00347nam a2200121Ia 4500
008 230303s9999 xx 000 0 und d
041 _aeng
082 _a621.3121 CHA
100 _aCHAKRABARTI (T)SONI (M.L.)/ GUPTA(P.V.)/ BHATNAG
245 _aA Text Book Of Power System Engineering
260 _aNEW DELHI
_bDhanpat Rai & Sons F
365 _cRS
999 _c198656
_d198656